| 000 | 00358nam a22001457a 4500 | ||
|---|---|---|---|
| 020 | _a9788126521524 | ||
| 082 | _a621.4021 | ||
| 100 |
_aBorgnakke, Claus _981161 |
||
| 245 | _aFUNDAMENTALS OF THERMODYNAMICS (PB) | ||
| 250 | _a 7th ed. | ||
| 260 |
_aNew Delhi: _bJohn Wiley, _c2014. |
||
| 300 |
_a777 p. ; _b23 cm. |
||
| 500 | _aPaperback. | ||
| 942 |
_cBK _2ddc |
||
| 999 |
_c32770 _d32770 |
||